| 000 | 00488nam a22001937a 4500 | ||
|---|---|---|---|
| 003 | mut | ||
| 005 | 20240606081259.0 | ||
| 008 | 171031b xxu||||| |||| 00| 0 eng d | ||
| 020 | _a0131234250 | ||
| 040 | _cmut | ||
| 050 |
_aHV6025 _b.W56 2006 |
||
| 100 | _aWinterdyk, John A. | ||
| 245 | _aCanadian criminology | ||
| 250 | _a2nd ed. | ||
| 260 |
_aToronto _bPearson Prentice Hall _cc2006 |
||
| 650 |
_aCriminology _vTextbooks |
||
| 650 |
_aCrime _vTextbooks _zCanada |
||
| 942 |
_2lcc _cBK |
||
| 999 |
_c13825 _d13825 |
||